000 00365nam a2200133Ia 4500
005 20260328101457.0
008 260328s9999||||xx |||||||||||||| ||und||
100 _aStratenschulte, Eckart D.
245 0 _aBerlin in brief /
_cEckart D. Stratenschulte
260 _bPresse Und Informatiosamt Berlin
300 _a64 p.
650 _aARQUITECTURA REGIONAL
942 _cBK
999 _c8862
_d8862